| 000 | 00485nam a22001697a 4500 | ||
|---|---|---|---|
| 005 | 20231025122024.0 | ||
| 008 | 231025b |||||||| |||| 00| 0 eng d | ||
| 020 | _a0620364009 | ||
| 082 | _a347.1 KEE | ||
| 100 |
_avan Dijkhorst, K _lAfrikaans |
||
| 245 |
_aDie Hof Verdaag / _cK van Dijkhorst |
||
| 250 | _aEerste Uitgawe | ||
| 260 |
_aPretoria : _bNandi, _c2006 |
||
| 300 |
_biii, 149 pages ; _c22 cm. |
||
| 650 |
_aLegal practice _bLaw |
||
| 942 |
_cBK _6ALISON_BN_VRIES |
||
| 999 |
_c51 _d51 |
||